| 000 | 00000nam 2200000za 4500 |
| 001 | 9.581632 |
| 003 | CaOODSP |
| 005 | 20221107134108 |
| 007 | cr ||||||||||| |
| 008 | 150406s2000||||xxc ||||o f|00 0 eng d |
| 020 | |z0-662-29317-7 |
| 040 | |aCaOODSP|beng |
| 041 | |aeng|bfre|feng |
| 043 | |an-cn--- |
| 086 | 1 |aA54-8/2000-1E-PDF|zA54-8/2000-1E |
| 100 | 1 |aJeremiah, L. E. |
| 245 | 14|aThe effects of chronological age, slaughter weight, and gender on lamb |h[electronic resource] : |ba review / |cL.E. Jeremiah. |
| 260 | |aLacombe. Alta. : |bResearch Branch, Agriculture and Agri-Food Canada. |cc2000. |
| 300 | |a19 p. |
| 490 | 1 |aTechnical bulletin ; |v2000-1E |
| 500 | |aHistorical publication digitized by Agriculture and Agri-Food Canada. |
| 504 | |aIncludes bibliographical references. |
| 546 | |aIncludes abstract in French. |
| 590 | |a15-05-Supp|b2015-03-31 |
| 690 | 07|aSheep|2gcpds |
| 690 | 07|aAgri-food products|2gcpds |
| 710 | 1 |aCanada. |bAgriculture and Agri-Food Canada. |bResearch Branch. |
| 776 | 0#|tThe effects of chronological age, slaughter weight, and gender on lamb : |w(CaOODSP)9.615304 |
| 830 | #0|aTechnical bulletin (Canada. Agriculture and Agri-Food Canada. Research Branch)|v2000-1E|w(CaOODSP)9.507590 |
| 856 | 40|ahttp://publications.gc.ca|qPDF|s1.48 MB|uhttps://publications.gc.ca/collections/collection_2015/aac-aafc/A54-8-2000-1-eng.pdf|y2000-1E |